| 000 | 01204cam a22003137a 4500 | ||
|---|---|---|---|
| 003 | CHAP | ||
| 005 | 20220817040942.0 | ||
| 008 | 971013s1983 r 00010 d | ||
| 010 | _a3347 | ||
| 011 | _a4319 | ||
| 035 | _a3521 | ||
| 040 | _cCHAP | ||
| 090 | _aFolleto 12674 | ||
| 100 | 0 | 0 |
_aAguirre Montoya, Daniel Arturo. _93017 |
| 245 | 0 | _aGuía para cultivar maíz en el Distrito de Riego No. 30 de Valsequillo, Puebla | |
| 260 |
_aTacamachalco, Pue. : _bINIA. Campo Agrícola Experimental Tecamachalco, _c1983 |
||
| 300 |
_a13 p. _b: ilus |
||
| 490 | 0 |
_aINIFAP. Centro de Investigaciones Forestales y Agropecuarias Comarca Lagunera. Folleto para productores _v; 3 |
|
| 590 |
_aBATCH-UPD _b10 _c20130110 _lUCH01 _h2054 |
||
| 590 |
_aBATCH-UPD _b10 _c20130410 _lUCH01 _h1407 |
||
| 590 |
_aBATCH-UPD _b10 _c20130914 _lUCH01 _h1209 |
||
| 590 |
_aCONVERSION _b10 _c20130109 _lUCH01 _h1303 |
||
| 650 | 1 | 4 |
_aDistrito de Riego Valsequillo, Pue. _932954 |
| 650 | 1 | 4 |
_aMaíz _zPuebla. |
| 830 | 0 |
_aINIFAP. Centro de Investigaciones Forestales y Agropecuarias Comarca Lagunera. Folleto para productores _v; 3 _958697 |
|
| 901 | _aBK | ||
| 942 | _cFOLL | ||
| 949 |
_aFolleto 12674 _bBC _cFOLL _d-13042 _eTS1 _i3521 _mD _si |
||
| 999 |
_c3347 _d3347 |
||